[Event "?"]
[Site "ICC 5 0 02/23/98, Internet Ch"]
[Date "1998.??.??"]
[Round "?"]
[White "Brause"]
[Black "JMC"]
[Result "1-0"]
[WhiteElo "2590"]
[BlackElo "2210"]
[PlyCount "127"]

1. e4 e5 2. Nf3 Nc6 3. Nc3 Nf6 4. Nxe5 Nxe5 5. d4 Ng6 6. e5 Ng8 7. Bc4 Bb4 8.
Qf3 Qe7 9. O-O Bxc3 10. bxc3 Nh6 11. g3 O-O 12. Qh5 d6 13. Bxh6 gxh6 14. f4 Kg7
15. f5 Qg5 16. Qxg5 hxg5 17. fxg6 hxg6 18. exd6 cxd6 19. Bd5 Rb8 20. Rae1 Bh3
21. Rf2 Bf5 22. Re7 Kf6 23. Rd7 Kg7 24. Rxd6 b6 25. Rc6 Rbc8 26. Rxc8 Rxc8 27.
c4 f6 28. Re2 Kf8 29. Kf2 Re8 30. Rxe8+ Kxe8 31. c3 Bb1 32. a3 Ke7 33. Ke3 f5
34. Bc6 Ba2 35. Bb5 g4 36. Kd2 Bb1 37. Bc6 g5 38. Ke3 Ba2 39. Bb5 Kd6 40. a4
Bb3 41. a5 Bd1 42. axb6 axb6 43. Ba6 Bf3 44. Bc8 Be4 45. d5 Kc5 46. Ke2 Bb1 47.
Ke3 Be4 48. Kd2 Bb1 49. Ke2 Be4 50. Ke1 Bd3 51. Ba6 Be4 52. Kd2 Bb1 53. Ke3 Be4
54. Kf2 Bc2 55. Kg1 Be4 56. Kf1 Bf3 57. Kf2 Be4 58. Ke3 Bc2 59. Bb5 Be4 60. Ba4
Bb1 61. Bd1 Be4 62. Bxg4 Bc2 63. Be2 Kd6 64. Bd3 1-0

[Event "?"]
[Site "ICC 5 0 03/04/98, Internet Ch"]
[Date "1998.??.??"]
[Round "?"]
[White "Brause"]
[Black "riky"]
[Result "1-0"]
[WhiteElo "2540"]
[BlackElo "2460"]
[PlyCount "57"]

1. e4 e5 2. Nf3 Nc6 3. Nc3 Nf6 4. Nxe5 Nxe5 5. d4 Ng6 6. e5 Ng8 7. Bc4 Bb4 8.
Qf3 Bxc3+ 9. bxc3 Qe7 10. O-O Nh6 11. g3 O-O 12. Qh5 d5 13. Bxd5 Bg4 14. Qg5 c6
15. Qxe7 Nxe7 16. Be4 Nhf5 17. Rb1 Rab8 18. f3 Bh3 19. Re1 Nd5 20. Rb3 Nfe7 21.
Ba3 Rfe8 22. Bd6 Rbd8 23. c4 Nb6 24. c5 Nc4 25. Rxb7 Nxd6 26. cxd6 Nd5 27. c4
Nb6 28. Bxc6 Bd7 29. d5 1-0

[Event "?"]
[Site "ICC 5 0 03/04/98, Internet Ch"]
[Date "1998.??.??"]
[Round "?"]
[White "Brause"]
[Black "Kiriakos"]
[Result "1-0"]
[WhiteElo "2545"]
[BlackElo "2125"]
[PlyCount "62"]

1. e4 e5 2. Nf3 Nc6 3. Nc3 Nf6 4. Nxe5 Nxe5 5. d4 Ng6 6. e5 Be7 7. Bc4 O-O 8.
exf6 Bxf6 9. O-O c6 10. Ne4 d5 11. Nxf6+ Qxf6 12. Be2 Bf5 13. Be3 Rfe8 14. Qd2
h6 15. Rac1 Re7 16. Rfe1 Rae8 17. Qa5 a6 18. Qc3 Qh4 19. g3 Qf6 20. Bf1 Be4 21.
Bd2 Qf3 22. Qxf3 Bxf3 23. Rxe7 Rxe7 24. Bd3 Be4 25. Bb4 Re6 26. Be2 Bf5 27. Bf3
Be4 28. Bg4 f5 29. Bd1 f4 30. f3 Bf5 31. g4 Re1+ 1-0

[Event "?"]
[Site "ICC 5 0 03/31/98, Internet Ch"]
[Date "1998.??.??"]
[Round "?"]
[White "Brause"]
[Black "fver"]
[Result "1-0"]
[WhiteElo "2610"]
[BlackElo "2315"]
[PlyCount "33"]

1. e4 e5 2. Nf3 Nc6 3. Nc3 Nf6 4. Nxe5 Nxe5 5. d4 Nc6 6. d5 Nb8 7. e5 Ng8 8. d6
c6 9. Bc4 b5 10. Bb3 Na6 11. Qf3 f6 12. Qh5+ g6 13. exf6 Qxf6 14. Qe2+ Kd8 15.
Ne4 Qe5 16. Bg5+ Ne7 17. Bf6 1-0

[Event "?"]
[Site "ICC 5 0 03/31/98, Internet Ch"]
[Date "1998.??.??"]
[Round "?"]
[White "Brause"]
[Black "fver"]
[Result "1-0"]
[WhiteElo "2615"]
[BlackElo "2315"]
[PlyCount "87"]

1. e4 e5 2. Nf3 Nc6 3. Nc3 Nf6 4. Nxe5 Nxe5 5. d4 Nc6 6. d5 Nb8 7. e5 Ng8 8. d6
cxd6 9. exd6 Qf6 10. Qe2+ Qe6 11. Bf4 g5 12. Nd5 Qxe2+ 13. Bxe2 gxf4 14. Nc7+
Kd8 15. Nxa8 Bxd6 16. Bc4 Nc6 17. Bxf7 b6 18. O-O-O Bc5 19. Rhe1 Nge7 20. Be6
Bxf2 21. Re4 Be3+ 22. Kb1 Rf8 23. Ka1 Rf6 24. c3 Rxe6 25. Rxe6 Bb7 26. Rf6 Bxa8
27. Rf8+ Kc7 28. Rxa8 Nc8 29. Rd5 Kb7 30. Rxc8 Kxc8 31. Rh5 Nd8 32. Rxh7 Ne6
33. h4 Kc7 34. h5 Kd6 35. Rf7 Ng5 36. Rf6+ Ke5 37. Rf8 d5 38. h6 d4 39. cxd4+
Bxd4 40. Rg8 Kf5 41. Kb1 f3 42. gxf3 Kf4 43. Rf8+ Kg3 44. f4 1-0

[Event "?"]
[Site "ICC 5 0 03/31/98, Internet Ch"]
[Date "1998.??.??"]
[Round "?"]
[White "Brause"]
[Black "godel"]
[Result "1-0"]
[WhiteElo "2520"]
[BlackElo "2250"]
[PlyCount "39"]

1. e4 e5 2. Nf3 Nc6 3. Nc3 Nf6 4. Nxe5 Nxe5 5. d4 Ng6 6. e5 Ng8 7. Bc4 d6 8.
Qf3 Be6 9. Qxb7 Bxc4 10. Qc6+ Ke7 11. exd6+ cxd6 12. Qxc4 Rc8 13. Qe2+ Kd7 14.
Qb5+ Ke7 15. Nd5+ Ke6 16. O-O f6 17. Re1+ Kf7 18. Qb3 Rb8 19. Nb4+ d5 20. Nc6
1-0

[Event "?"]
[Site "ICC 5 0 03/31/98, Internet Ch"]
[Date "1998.??.??"]
[Round "?"]
[White "Brause"]
[Black "Kiriakos"]
[Result "0-1"]
[WhiteElo "2600"]
[BlackElo "2130"]
[PlyCount "130"]

1. e4 e5 2. Nf3 Nc6 3. Nc3 Nf6 4. Nxe5 Nxe5 5. d4 Ng6 6. e5 Be7 7. Bc4 O-O 8.
exf6 Bxf6 9. O-O c6 10. Ne4 d5 11. Nxf6+ Qxf6 12. Be2 Bf5 13. Be3 Rfe8 14. Qd2
h6 15. Qb4 Re7 16. Rac1 Rae8 17. Rfe1 Nh4 18. c4 dxc4 19. Qxc4 Be4 20. Rc3 Bxg2
21. Qc5 Nf3+ 22. Kxg2 Nxe1+ 23. Kg1 Nf3+ 24. Kh1 Ng5 25. Bxg5 Qxg5 26. Qxg5
hxg5 27. Bf3 Rd8 28. Rc4 f6 29. h3 Kf7 30. Kh2 Ke8 31. Bg4 Rd6 32. Ra4 a6 33.
Rc4 Kd8 34. Bf3 Red7 35. d5 cxd5 36. Rd4 Kc7 37. b4 Kb6 38. Kg3 Rc7 39. Rxd5
Rxd5 40. Bxd5 Kb5 41. f3 Kxb4 42. Kg4 Ka3 43. Bb3 b5 44. Kf5 a5 45. Ke4 a4 46.
Bd5 b4 47. f4 b3 48. axb3 axb3 49. Bxb3 Kxb3 50. fxg5 fxg5 51. Kf5 Rc3 52. Kxg5
Rxh3 53. Kf4 Rh5 54. Kg4 Ra5 55. Kf4 Kc3 56. Ke4 g5 57. Kf3 Ra4 58. Kg3 Kd3 59.
Kf3 Rf4+ 60. Kg3 Ke3 61. Kg2 Rg4+ 62. Kh3 Kf3 63. Kh2 Rh4+ 64. Kg1 g4 65. Kf1
Rh1# 0-1

[Event "?"]
[Site "ICC 5 0 04/03/98, Internet Ch"]
[Date "1998.??.??"]
[Round "?"]
[White "Brause"]
[Black "Tyrisha"]
[Result "1-0"]
[WhiteElo "2550"]
[BlackElo "2075"]
[PlyCount "48"]

1. e4 e5 2. Nf3 Nc6 3. Nc3 Nf6 4. Nxe5 Nxe5 5. d4 Ng6 6. e5 Bb4 7. exf6 Qxf6 8.
Qe2+ Ne7 9. Qc4 Bxc3+ 10. Qxc3 c6 11. Be2 d5 12. Be3 O-O 13. O-O-O Bf5 14. Rde1
Rfe8 15. Kb1 Bg6 16. h4 h6 17. g4 Be4 18. f3 Bh7 19. g5 Qd6 20. gxh6 gxh6 21.
Rhg1+ Kh8 22. Qd2 Nf5 23. Bf4 Qd7 24. Be5+ f6 1-0

[Event "?"]
[Site "ICC 5 0 04/03/98, Internet Ch"]
[Date "1998.??.??"]
[Round "?"]
[White "Brause"]
[Black "CREADOR"]
[Result "1-0"]
[WhiteElo "2515"]
[BlackElo "2050"]
[PlyCount "39"]

1. e4 e5 2. Nf3 Nc6 3. Nc3 Nf6 4. Nxe5 Nxe5 5. d4 Nc6 6. d5 Ne5 7. f4 Ng6 8. e5
Ng8 9. d6 cxd6 10. exd6 Qf6 11. Nb5 Kd8 12. Be3 Nxf4 13. Qd2 Ne6 14. O-O-O Nh6
15. Nc7 Nxc7 16. Bg5 Ne6 17. Bxf6+ gxf6 18. h3 Nf5 19. Qa5+ b6 20. Qxf5 1-0

[Event "?"]
[Site "ICC 5 0 04/03/98, Internet Ch"]
[Date "1998.??.??"]
[Round "?"]
[White "Brause"]
[Black "babulina"]
[Result "1-0"]
[WhiteElo "2550"]
[BlackElo "2175"]
[PlyCount "43"]

1. e4 e5 2. Nf3 Nc6 3. Nc3 Nf6 4. Nxe5 Nxe5 5. d4 Ng6 6. e5 Bb4 7. exf6 Qxf6 8.
Bc4 O-O 9. O-O Bxc3 10. bxc3 d6 11. Rb1 b6 12. Qh5 Be6 13. Rb4 a5 14. Ra4 Rfe8
15. Bb5 Re7 16. Bg5 Qf5 17. Bd3 Nf4 18. Bxf5 Nxh5 19. Bxe7 Bxf5 20. Rc4 Ra7 21.
Re1 f6 22. Bd8 1-0

[Event "?"]
[Site "ICC 5 0 01/16/98, Internet Ch"]
[Date "1998.??.??"]
[Round "?"]
[White "Brause"]
[Black "peabo"]
[Result "1-0"]
[WhiteElo "2315"]
[BlackElo "2175"]
[PlyCount "81"]

1. Nc3 Nf6 2. e4 e5 3. Nf3 Nc6 4. Nxe5 Nxe5 5. d4 Nc6 6. d5 Nb4 7. a3 Na6 8. e5
Ng8 9. Qf3 Bc5 10. d6 cxd6 11. Bc4 Qe7 12. Bxa6 Qxe5+ 13. Kf1 Nf6 14. Bf4 Qh5
15. Bxb7 Bxb7 16. Re1+ Kf8 17. Qxb7 Re8 18. Rxe8+ Nxe8 19. Qxd7 Qg6 20. Qa4 Qf6
21. Qc4 g5 22. Bg3 Kg7 23. h4 h6 24. Qe2 Nc7 25. hxg5 Qxg5 26. Qd1 Re8 27. b4
Bb6 28. Rh5 Qg6 29. Bf4 Ne6 30. Bxh6+ Kg8 31. Nd5 Bd8 32. Nf4 Nxf4 33. Bxf4 Re4
34. Bxd6 Bf6 35. Bc5 Rg4 36. Rh6 Qxh6 37. Qxg4+ Bg7 38. Qc8+ Kh7 39. Qh3 Qxh3
40. gxh3 Bb2 41. b5 1-0

[Event "?"]
[Site "ICC 5 0 01/16/98, Internet Ch"]
[Date "1998.??.??"]
[Round "?"]
[White "Brause"]
[Black "MrsLovett"]
[Result "1-0"]
[WhiteElo "2355"]
[BlackElo "2725"]
[PlyCount "179"]

1. e4 e5 2. Nf3 Nc6 3. Nc3 Nf6 4. Nxe5 Nxe5 5. d4 Ng6 6. e5 Ng8 7. Bc4 Bb4 8.
Qf3 Bxc3+ 9. bxc3 Qe7 10. O-O Rb8 11. Re1 b6 12. Qg3 Bb7 13. Bg5 Qa3 14. e6
fxe6 15. Bxe6 dxe6 16. Qxc7 Rc8 17. Qxb7 N8e7 18. Rxe6 O-O 19. Bxe7 Qxc3 20.
Rf1 Rf7 21. Rc1 Rcf8 22. Qe4 Nxe7 23. Rxe7 Rxe7 24. Qxe7 Qxd4 25. Qe3 Qf6 26.
Re1 Qf5 27. Qe6+ Qxe6 28. Rxe6 Rd8 29. Kf1 Rd1+ 30. Re1 Rd2 31. Re8+ Kf7 32.
Rc8 Rd7 33. Rc3 Re7 34. h4 Kg6 35. Rd3 Rc7 36. c3 Re7 37. g4 Kf6 38. f4 Re4 39.
Rd4 Re3 40. Rc4 Re7 41. h5 Kf7 42. Rd4 Ke8 43. h6 g6 44. Kf2 Rc7 45. c4 Kf7 46.
Ke3 Ke6 47. Kd3 Rf7 48. Ke4 Rc7 49. f5+ gxf5+ 50. gxf5+ Kf6 51. Kf4 Rc5 52. Kg4
Rc6 53. a3 Rc5 54. a4 Rc6 55. Kf4 Rc5 56. Rd6+ Ke7 57. Re6+ Kf8 58. Kg5 Kf7 59.
Rd6 Ke8 60. Rd4 Rc6 61. Rg4 Ke7 62. Kh5 Rc5 63. Rg7+ Kf6 64. Rxh7 Rxf5+ 65. Kg4
Rg5+ 66. Kf3 Rf5+ 67. Ke4 Rh5 68. Kd4 Rh4+ 69. Kc3 Rh3+ 70. Kb4 a5+ 71. Kb5 Kg6
72. Rb7 Rh5+ 73. Kxb6 Rxh6 74. c5 Kf5+ 75. Kxa5 Ke4 76. Kb5 Rh2 77. c6 Rh5+ 78.
Kb6 Rh6 79. a5 Kd3 80. a6 Rh1 81. a7 Rb1+ 82. Kc7 Rg1 83. a8=Q Rg7+ 84. Kb6 Rc7
85. Rxc7 Kd2 86. Re7 Kc2 87. Qa2+ Kc3 88. Rd7 Kb4 89. Qb2+ Ka4 90. Rd4# 1-0

[Event "?"]
[Site "ICC 5 0 02/06/98, Internet Ch"]
[Date "1998.??.??"]
[Round "?"]
[White "Brause"]
[Black "Disintegration"]
[Result "1-0"]
[WhiteElo "2610"]
[BlackElo "2235"]
[PlyCount "51"]

1. e4 e5 2. Nf3 Nc6 3. Nc3 Nf6 4. Nxe5 Nxe5 5. d4 Nc6 6. d5 Nb8 7. e5 Ng8 8. d6
Nc6 9. Nb5 cxd6 10. exd6 Qf6 11. Nc7+ Kd8 12. Nxa8 Bxd6 13. Be2 Nge7 14. O-O h5
15. g3 h4 16. Qd3 b6 17. Bg5 Qe5 18. Bf4 Bb7 19. Bxe5 Bxe5 20. Nxb6 axb6 21.
Rad1 d6 22. c3 hxg3 23. fxg3 Bf6 24. Qxd6+ Ke8 25. Qd7+ Kf8 26. Qd8+ 1-0

[Event "?"]
[Site "ICC 5 0 02/06/98, Internet Ch"]
[Date "1998.??.??"]
[Round "?"]
[White "Brause"]
[Black "Disintegration"]
[Result "1-0"]
[WhiteElo "2615"]
[BlackElo "2230"]
[PlyCount "89"]

1. e4 e5 2. Nf3 Nc6 3. Nc3 Nf6 4. Nxe5 Nxe5 5. d4 Ng6 6. e5 Ng8 7. Bc4 c6 8.
Qf3 Qe7 9. O-O h5 10. Ne4 Nh6 11. Nd6+ Kd8 12. Bxh6 Rxh6 13. Nxf7+ Kc7 14. Nxh6
gxh6 15. Bd3 Nh8 16. Qxh5 d5 17. exd6+ Qxd6 18. Qa5+ b6 19. Qe5 Qxe5 20. dxe5
Be6 21. f4 Bc5+ 22. Kh1 Bd5 23. c4 Bg8 24. Rad1 Rd8 25. b3 Nf7 26. Bf5 h5 27.
Bg6 h4 28. Bxf7 Bxf7 29. Rxd8 Kxd8 30. f5 Bg8 31. Rf4 h3 32. gxh3 b5 33. e6 Ke7
34. cxb5 cxb5 35. Rg4 Kf8 36. h4 Be7 37. Kg2 a5 38. Kf3 Bh7 39. Ke4 Bf6 40. Rg3
Ke7 41. Rd3 Kf8 42. Rd5 a4 43. Rxb5 axb3 44. axb3 Bxh4 45. Ke5 1-0

[Event "?"]
[Site "ICC 5 2 02/13/98, Internet Ch"]
[Date "1998.??.??"]
[Round "?"]
[White "Brause"]
[Black "pyramid"]
[Result "1-0"]
[WhiteElo "2590"]
[BlackElo "2130"]
[PlyCount "52"]

1. Nc3 e5 2. Nf3 Nc6 3. e4 Nf6 4. Nxe5 Nxe5 5. d4 Ng6 6. e5 Ng8 7. Bc4 Bb4 8.
Qf3 Bxc3+ 9. bxc3 Qe7 10. O-O h6 11. Ba3 d6 12. exd6 cxd6 13. Rfe1 Be6 14. d5
O-O-O 15. dxe6 f6 16. Bd5 Qc7 17. Rab1 b6 18. Red1 N8e7 19. Bb3 Kb8 20. Qg3 Ne5
21. Qxg7 Rhg8 22. Qxh6 Rg6 23. Qh3 Ng4 24. Qd3 Ne5 25. Qxd6 Rxd6 26. Bxd6 Kc8
1-0

[Event "?"]
[Site "ICC 5 2 02/13/98, Internet Ch"]
[Date "1998.??.??"]
[Round "?"]
[White "Brause"]
[Black "pyramid"]
[Result "1-0"]
[WhiteElo "2570"]
[BlackElo "2145"]
[PlyCount "53"]

1. e4 e5 2. Nf3 Nc6 3. Nc3 Nf6 4. Nxe5 Nxe5 5. d4 Ng6 6. e5 Ng8 7. Bc4 d5 8.
Bxd5 c6 9. Bb3 Be6 10. O-O Bxb3 11. axb3 Bb4 12. Ne4 h6 13. f4 Qb6 14. c3 Be7
15. e6 Nf6 16. Nxf6+ gxf6 17. exf7+ Kxf7 18. f5 h5 19. fxg6+ Kxg6 20. Qd3+ Kg7
21. b4 Qc7 22. Bd2 Bd6 23. Qh3 b5 24. Qh4 Be7 25. Rf5 Raf8 26. Re1 Bd8 27. Rxh5
1-0

[Event "?"]
[Site "ICC 5 0 02/15/98, Internet Ch"]
[Date "1998.??.??"]
[Round "?"]
[White "Brause"]
[Black "HPROL"]
[Result "1-0"]
[WhiteElo "2655"]
[BlackElo "2170"]
[PlyCount "35"]

1. e4 e5 2. Nf3 Nc6 3. Nc3 Nf6 4. Nxe5 Nxe5 5. d4 Bb4 6. dxe5 Nxe4 7. Qg4 Bxc3+
8. bxc3 d5 9. Qxg7 Ke7 10. f3 Rg8 11. Qh6 Rg6 12. Qh5 Nxc3 13. Bg5+ Rxg5 14.
Qxg5+ Ke8 15. Qg8+ Ke7 16. Qxh7 Be6 17. Qh4+ Kd7 18. Qd4 1-0

[Event "?"]
[Site "ICC 5 0 02/24/98, Internet Ch"]
[Date "1998.??.??"]
[Round "?"]
[White "Brause"]
[Black "andyreb"]
[Result "0-1"]
[WhiteElo "2570"]
[BlackElo "2070"]
[PlyCount "82"]

1. e4 e5 2. Nf3 Nc6 3. Nc3 Nf6 4. Nxe5 Nxe5 5. d4 Nc6 6. d5 Ne5 7. f4 Ng6 8. e5
Ng8 9. d6 c6 10. g3 b5 11. Ne4 a6 12. Qd4 f6 13. exf6 gxf6 14. Bh3 Bg7 15. Bd2
Nh6 16. O-O-O O-O 17. Bc3 a5 18. Rhe1 b4 19. Qc4+ Kh8 20. Bd4 Ba6 21. Qc5 Bb5
22. Qh5 a4 23. f5 Ne5 24. Bxe5 fxe5 25. f6 Rxf6 26. Nxf6 Qxf6 27. Bxd7 e4 28.
Rxe4 Qxb2+ 29. Kd2 Qc3+ 30. Kc1 b3 31. axb3 axb3 32. Re8+ Rxe8 33. Qxe8+ Ng8
34. Qe4 bxc2 35. Rd4 Bh6+ 36. Qf4 Qxd4 37. Kxc2 Ba4+ 38. Kb1 Qd1+ 39. Kb2 Qc2+
40. Ka1 Bg7+ 41. Qf6 Bxf6# 0-1

[Event "?"]
[Site "ICC 5 3 03/02/98, Internet Ch"]
[Date "1998.??.??"]
[Round "?"]
[White "Brause"]
[Black "brit"]
[Result "1-0"]
[WhiteElo "2485"]
[BlackElo "2075"]
[PlyCount "73"]

1. e4 e5 2. Nf3 Nc6 3. Nc3 Nf6 4. Nxe5 Nxe5 5. d4 Ng6 6. e5 Ng8 7. Bc4 Bb4 8.
Qf3 f5 9. h4 d5 10. Bb3 c6 11. Bg5 Be7 12. Bxe7 N8xe7 13. h5 Nf8 14. O-O-O Ne6
15. Rhe1 Bd7 16. Qd3 b5 17. Rd2 Qb6 18. Qe3 O-O-O 19. Ne2 g5 20. hxg6 hxg6 21.
Nf4 Nxf4 22. Qxf4 Be6 23. Rg1 Rdf8 24. Rdd1 Rh5 25. Rh1 Rfh8 26. Rxh5 Rxh5 27.
Qd2 Qd8 28. a4 a6 29. Rg1 g5 30. Qb4 Ng6 31. axb5 axb5 32. Qa3 Kb7 33. Kb1 Qb6
34. Qd6 Bf7 35. Qf6 Qc7 36. Qxf5 Qd7 37. Qxd7+ 1-0

[Event "?"]
[Site "ICC 5 3 03/02/98, Internet Ch"]
[Date "1998.??.??"]
[Round "?"]
[White "Brause"]
[Black "brit"]
[Result "1/2-1/2"]
[WhiteElo "2485"]
[BlackElo "2070"]
[PlyCount "126"]

1. e4 e5 2. Nf3 Nc6 3. Nc3 Nf6 4. Nxe5 Nxe5 5. d4 Ng6 6. e5 Ng8 7. Bc4 Bb4 8.
Qf3 f5 9. h4 d5 10. Bb3 c6 11. Bg5 Be7 12. Bxe7 N8xe7 13. O-O-O Nf8 14. Rhe1
Ne6 15. h5 Bd7 16. Qd3 b5 17. Qg3 Qb6 18. h6 g5 19. Qd3 O-O-O 20. Kb1 Rhg8 21.
Rh1 Rg6 22. Ne2 Kb7 23. c3 Rdg8 24. Bc2 Nf4 25. Qf3 Nxe2 26. Qxe2 Be6 27. g4
Rf8 28. Rh5 Rgg8 29. gxf5 Bxf5 30. Bxf5 Rxf5 31. Qc2 Qc7 32. f4 Qd7 33. Rxg5
Rgxg5 34. fxg5 Ng6 35. Qd2 Qf7 36. Ka1 Rf2 37. Qd3 Qf5 38. Qxf5 Rxf5 39. a3 Kc7
40. Ka2 Kd7 41. Rg1 Ke6 42. a4 a6 43. Kb3 Nf4 44. Rg3 Kf7 45. Kb4 Ne6 46. axb5
axb5 47. Ka5 Kg6 48. Kb6 Rxg5 49. Rxg5+ Kxg5 50. Kxc6 Kxh6 51. Kxd5 Nf4+ 52.
Ke4 Kg5 53. d5 h5 54. e6 Nxe6 55. dxe6 Kf6 56. Kf4 Kxe6 57. b3 Kd5 58. Kf5 h4
59. Kf4 h3 60. Kg3 Ke4 61. Kxh3 Kd3 62. c4 bxc4 63. bxc4 Kxc4 1/2-1/2

[Event "?"]
[Site "ICC 5 3 03/02/98, Internet Ch"]
[Date "1998.??.??"]
[Round "?"]
[White "Brause"]
[Black "brit"]
[Result "1-0"]
[WhiteElo "2475"]
[BlackElo "2085"]
[PlyCount "109"]

1. e4 e5 2. Nf3 Nc6 3. Nc3 Nf6 4. Nxe5 Nxe5 5. d4 Ng6 6. e5 Ng8 7. Bc4 Bb4 8.
Qf3 f5 9. h4 d5 10. Bb3 c6 11. Bg5 Be7 12. Bxe7 N8xe7 13. O-O-O Nf8 14. Qe3 Ne6
15. Qg3 O-O 16. Qd3 b5 17. Rhe1 a5 18. a4 b4 19. Ne2 Ba6 20. Qd2 Bxe2 21. Qxe2
Qc7 22. g3 f4 23. Rd3 fxg3 24. fxg3 Rf7 25. Kb1 Raf8 26. Red1 Rf2 27. Qg4 Qc8
28. R3d2 Rxd2 29. Rxd2 Nd8 30. Qg5 Qe6 31. Rd3 h6 32. Qh5 Qf5 33. Qxf5 Rxf5 34.
c4 Ne6 35. cxd5 cxd5 36. Ka1 g5 37. h5 Rf1+ 38. Ka2 Re1 39. Bc2 Re4 40. Rf3
Rxd4 41. Rf6 Nc5 42. Rb6 Rd2 43. Kb1 Ne4 44. Rxh6 Nxg3 45. Re6 Kf7 46. Rf6+ Kg7
47. h6+ Kg8 48. h7+ Kg7 49. Rf7+ Kxf7 50. h8=Q Ne4 51. Bxe4 dxe4 52. Qf6+ Ke8
53. e6 Nc6 54. Qg6+ Kd8 55. Qxg5+ 1-0

[Event "?"]
[Site "ICC 5 3 03/02/98, Internet Ch"]
[Date "1998.??.??"]
[Round "?"]
[White "Brause"]
[Black "brit"]
[Result "1-0"]
[WhiteElo "2530"]
[BlackElo "2115"]
[PlyCount "93"]

1. e4 e5 2. Nf3 Nc6 3. Nc3 Nf6 4. Nxe5 Nxe5 5. d4 Ng6 6. e5 Ng8 7. Bc4 Bb4 8.
Qf3 f5 9. h4 d5 10. Bb3 c6 11. Bg5 Be7 12. Bxe7 N8xe7 13. h5 Nf8 14. O-O-O Ne6
15. Rhe1 Bd7 16. Qd3 b5 17. Rd2 O-O 18. Qe3 Kh8 19. Qf3 Ng8 20. Ne2 Qg5 21.
Red1 Rae8 22. c3 Nh6 23. Rh1 Qg4 24. Qxg4 Nxg4 25. Ng1 Nh6 26. Kb1 Ng5 27. Nh3
Nxh3 28. Rxh3 f4 29. Rh1 Bf5+ 30. Bc2 Bxc2+ 31. Kxc2 Rf5 32. Rh4 Re6 33. Rd1 g5
34. hxg6 Rxg6 35. Kd2 Kg7 36. Rdh1 Rfg5 37. R1h2 Rg4 38. Ke2 Rxh4 39. Rxh4 Rg4
40. Rh2 Nf5 41. a3 h5 42. Rxh5 Kg6 43. Rh8 Rh4 44. Rg8+ Kf7 45. Ra8 Rh1 46. Kf3
Rb1 47. Kxf4 1-0

[Event "?"]
[Site "ICC 5 3 03/02/98, Internet Ch"]
[Date "1998.??.??"]
[Round "?"]
[White "Brause"]
[Black "brit"]
[Result "1/2-1/2"]
[WhiteElo "2530"]
[BlackElo "2110"]
[PlyCount "114"]

1. e4 e5 2. Nf3 Nc6 3. Nc3 Nf6 4. Nxe5 Nxe5 5. d4 Ng6 6. e5 Ng8 7. Bc4 Bb4 8.
Qf3 f5 9. h4 d5 10. Bb3 c6 11. Bg5 Be7 12. Bxe7 N8xe7 13. O-O-O Nf8 14. Rhe1
Ne6 15. h5 b5 16. Qd3 a5 17. a4 b4 18. Ne2 Ba6 19. Qd2 Bxe2 20. Qxe2 Qb6 21.
Qe3 O-O 22. Rd3 f4 23. Qd2 Rf5 24. h6 g6 25. g4 fxg3 26. fxg3 Raf8 27. Kb1 Rf2
28. Qe3 R2f3 29. Qd2 Rxd3 30. Qxd3 Qxd4 31. Qa6 Qd2 32. Rf1 Rxf1+ 33. Qxf1 Qg5
34. Qa6 Qxe5 35. Qxa5 c5 36. Qa8+ Kf7 37. a5 Nc7 38. Qb8 Nc6 39. Qb6 Nd4 40.
Qxc5 Nxb3 41. cxb3 Qxg3 42. Qxb4 Qg1+ 43. Ka2 Qa7 44. Qf4+ Ke6 45. b4 Nb5 46.
Qg4+ Kd6 47. Qf4+ Kc6 48. Qf6+ Nd6 49. b5+ Kc5 50. b4+ Kxb4 51. Qxd6+ Kxa5 52.
b6 Qxb6 53. Qxd5+ Qb5 54. Qd8+ Qb6 55. Qd5+ Qb5 56. Qd8+ Qb6 57. Qd5+ Qb5
1/2-1/2

[Event "?"]
[Site "ICC 5 3 03/02/98, Internet Ch"]
[Date "1998.??.??"]
[Round "?"]
[White "Brause"]
[Black "brit"]
[Result "1/2-1/2"]
[WhiteElo "2520"]
[BlackElo "2125"]
[PlyCount "169"]

1. e4 e5 2. Nf3 Nc6 3. Nc3 Nf6 4. Nxe5 Nxe5 5. d4 Ng6 6. e5 Ng8 7. Bc4 Bb4 8.
Qf3 f5 9. h4 d5 10. Bb3 c6 11. Bg5 Be7 12. Bxe7 N8xe7 13. O-O-O Nf8 14. Qe3 Ne6
15. Rhe1 b5 16. Qf3 a5 17. a4 b4 18. Ne2 Ba6 19. Nf4 Nxf4 20. Qxf4 O-O 21. h5
Bc4 22. Re3 Bxb3 23. Rxb3 Qd7 24. Rg3 Qe6 25. Rdd3 Kh8 26. Qg5 Rf7 27. Rdf3
Raf8 28. Kb1 Ng8 29. Ka1 c5 30. dxc5 Qxe5 31. Qf4 Qxf4 32. Rxf4 Rc8 33. Ka2
Rxc5 34. Kb3 Ne7 35. Re3 Kg8 36. Re6 g5 37. hxg6 Nxg6 38. Rf3 f4 39. Re8+ Kg7
40. Rh3 Rfc7 41. Re2 Kf6 42. Rd3 Re7 43. Red2 Re5 44. Rd4 Ke6 45. Ka2 Rc4 46.
R4d3 Rce4 47. f3 Re3 48. Rd4 Re2 49. Rxd5 Rxd2 50. Rxd2 Re3 51. Rf2 Ne5 52. Rd2
Nc4 53. Rd4 Nb6 54. Rxf4 Nxa4 55. Rf8 Re5 56. Rd8 Nc5 57. b3 Rg5 58. Rd2 Ke5
59. Re2+ Kd4 60. Kb2 Re5 61. Rd2+ Ke3 62. Kc1 Rh5 63. Rd6 Kf2 64. Rd2+ Kg3 65.
Re2 Rh1+ 66. Kb2 Rh5 67. Kc1 Rd5 68. Kb2 Nd7 69. Kb1 Nf6 70. Kb2 Nh5 71. Re7
Nf4 72. Rg7+ Kf2 73. Rxh7 Nxg2 74. Rc7 Kxf3 75. c4 Rd2+ 76. Kc1 Rd3 77. Kb2 Rc3
78. Ra7 Ne3 79. Rxa5 Nd1+ 80. Kb1 Ke2 81. Re5+ Kd3 82. Rd5+ Ke2 83. Re5+ Kd3
84. Rd5+ Ke2 85. Re5+ 1/2-1/2

[Event "?"]
[Site "ICC 5 3 03/02/98, Internet Ch"]
[Date "1998.??.??"]
[Round "?"]
[White "Brause"]
[Black "brit"]
[Result "1-0"]
[WhiteElo "2510"]
[BlackElo "2135"]
[PlyCount "85"]

1. e4 e5 2. Nf3 Nc6 3. Nc3 Nf6 4. Nxe5 Nxe5 5. d4 Ng6 6. e5 Ng8 7. Bc4 Bb4 8.
Qf3 f5 9. h4 d5 10. Bb3 c6 11. Bg5 Be7 12. Bxe7 N8xe7 13. O-O-O Nf8 14. Rhe1
Ne6 15. h5 b5 16. Rd2 a5 17. a4 b4 18. Ne2 Qb6 19. Qh3 Ba6 20. h6 g6 21. Qh4
Rf8 22. Nf4 Nxf4 23. Qxf4 O-O-O 24. Re3 Qc7 25. c3 Kb7 26. cxb4 axb4 27. Rc2
Ka7 28. Kd1 Rfe8 29. Rc5 Nc8 30. Ke1 Nb6 31. Rc1 Nc4 32. Re2 Re6 33. g3 Qb6 34.
Bd1 Na5 35. Rd2 Rde8 36. b3 Qb7 37. Rc5 Qb6 38. Rc1 Nb7 39. Qe3 Nd6 40. Rdc2
Ne4 41. Bf3 Nc3 42. Bg2 Qa5 43. Bf1 1-0

[Event "?"]
[Site "ICC 5 3 03/11/98, Internet Ch"]
[Date "1998.??.??"]
[Round "?"]
[White "Brause"]
[Black "rajah"]
[Result "0-1"]
[WhiteElo "2495"]
[BlackElo "2415"]
[PlyCount "115"]

1. e4 Nf6 2. Nc3 e5 3. Nf3 Nc6 4. Nxe5 Nxe5 5. d4 Ng6 6. e5 Ng8 7. Bc4 Bb4 8.
Qf3 Bxc3+ 9. bxc3 f6 10. O-O Qe7 11. exf6 Nxf6 12. Bg5 Qf8 13. Qg3 c6 14. Rfe1+
Ne7 15. Qd6 b5 16. Bd3 Kd8 17. c4 bxc4 18. Bxc4 Ng6 19. Qg3 Qb4 20. Qd3 d5 21.
Bb3 Re8 22. c3 Rxe1+ 23. Rxe1 Qd6 24. c4 dxc4 25. Bxc4 Bd7 26. Bd2 a5 27. Qc3
Ng4 28. g3 Ra7 29. Qb2 Nf6 30. Qb6+ Qc7 31. Qc5 Bh3 32. Be6 Bxe6 33. Rxe6 Ra6
34. Bg5 Rb6 35. Bxf6+ gxf6 36. Rxf6 Qb7 37. Qxa5 Qc7 38. Qc5 Kc8 39. Qc4 Qd7
40. Qg8+ Qd8 41. Qxd8+ Kxd8 42. Rf7 h5 43. Rh7 Rb5 44. f4 Nf8 45. Rf7 Ne6 46.
a4 Ra5 47. d5 cxd5 48. Rf5 h4 49. Rh5 hxg3 50. hxg3 Ke7 51. Rh7+ Kd6 52. f5 Ng5
53. Rh5 Ne4 54. g4 Ke5 55. Rh2 Rxa4 56. Re2 d4 57. Re1 d3 58. Rd1 0-1

[Event "?"]
[Site "ICC 5 3 04/10/98, Internet Ch"]
[Date "1998.??.??"]
[Round "?"]
[White "Brause"]
[Black "Dorobanov"]
[Result "1/2-1/2"]
[WhiteElo "2660"]
[BlackElo "2410"]
[PlyCount "161"]

1. e4 e5 2. Nf3 Nc6 3. Nc3 Nf6 4. Nxe5 Nxe5 5. d4 Ng6 6. e5 Ng8 7. Bc4 d5 8.
Bxd5 c6 9. Be4 f5 10. exf6 Nxf6 11. Bg5 Bb4 12. Qd3 Bxc3+ 13. bxc3 O-O 14. O-O
Qe8 15. f3 Nxe4 16. fxe4 Rxf1+ 17. Rxf1 Be6 18. d5 Bf7 19. d6 Qd7 20. a4 Re8
21. Rf2 h6 22. Be3 a6 23. Bc5 Ne5 24. Qd4 Re6 25. Rf5 Ng6 26. a5 Nf8 27. Bb4
Rg6 28. Qe3 Be6 29. Rf2 Nh7 30. e5 Bf7 31. c4 Re6 32. Bd2 Re8 33. Qg3 Kh8 34.
Bf4 Be6 35. Be3 Bxc4 36. Rf4 Be6 37. Qf2 Kg8 38. Qd2 Rf8 39. Qd4 Rxf4 40. Qxf4
Qf7 41. Qxf7+ Kxf7 42. Bd4 Nf8 43. Kf2 Kg6 44. Ke3 Kf5 45. h3 h5 46. Kf3 h4 47.
g4+ hxg3 48. Kxg3 Nd7 49. h4 Nxe5 50. h5 g6 51. h6 Nf7 52. h7 Ke4 53. h8=Q Nxh8
54. Bxh8 Kd5 55. Kf4 Kxd6 56. Be5+ Kc5 57. c3 b5 58. axb6 Kxb6 59. Bd6 c5 60.
Ke5 Bf7 61. Kf6 a5 62. Kxf7 g5 63. Ke6 Kb5 64. Kd5 c4 65. Ke4 Ka4 66. Bc7 Kb5
67. Kf5 a4 68. Bd6 Kc6 69. Ba3 Kd5 70. Bf8 g4 71. Kf4 g3 72. Kf3 g2 73. Kxg2
Ke4 74. Ba3 Kd3 75. Bb4 Kc2 76. Kf3 Kb3 77. Ke4 a3 78. Bxa3 Kxc3 79. Bd6 Kb2
80. Kd5 c3 81. Bf8 1/2-1/2